Venezuela en retrospectiva: los pasos hacia el régimen chavista
Gespeichert in:
| 1. Verfasser: | |
|---|---|
| Format: | Buch |
| Sprache: | Spanisch |
| Veröffentlicht: |
Madrid
Iberoamericana
2007
|
| Schriftenreihe: | Bibliotheca Ibero-Americana
|
| Schlagworte: | |
| Tags: |
Tag hinzufügen
Keine Tags, Fügen Sie den ersten Tag hinzu!
|
MARC
| LEADER | 00000nam a2200000 a 4500 | ||
|---|---|---|---|
| 001 | UCI8848 | ||
| 003 | CL-VaPUC | ||
| 008 | 081009e20070000SP |||||||||||||||||spa|d | ||
| 020 | |a 9788484893363 | ||
| 082 | 0 | 4 | |a 987 |b MAI |2 21 |
| 100 | |a Maihold, Günther |e autor |9 532487 | ||
| 245 | 1 | 0 | |a Venezuela en retrospectiva: los pasos hacia el régimen chavista |
| 300 | |a 346 p | ||
| 942 | |c BK | ||
| 945 | |d 20081009 00:00:00 |a rbrito | ||
| 260 | |a Madrid |b Iberoamericana |c 2007 | ||
| 650 | 0 | |a Historia de Venezuela |9 446382 | |
| 651 | 0 | |a Venezuela |9 254993 | |
| 583 | |a last modification |c 20081009 00:00:00 |k Rodrigo Vera | ||
| 490 | 0 | |a Bibliotheca Ibero-Americana | |
| 999 | |c 331614 |d 331612 | ||
| 952 | |0 0 |1 0 |4 0 |6 987_000000000000000_MAI_2007 |7 0 |8 A |9 418397 |a BIBHIS |b BIBHIS |d 2019-11-22 |i 4486188 |o 987 MAI 2007 |p 4486188 |r 2025-01-20 |w 2019-11-22 |y BK |k HIS | ||
| 952 | |0 0 |1 0 |4 0 |6 987_000000000000000_MAI_2007 |7 0 |8 A |9 418398 |a BIBHIS |b BIBHIS |d 2019-11-22 |i 4607120 |o 987 MAI 2007 |p 4607120 |r 2025-01-20 |w 2019-11-22 |y BK |k HIS | ||